[Event "Mittelfrank Regionalliga Sud-Ost 2122"]
[Site "Mittelfranken"]
[Date "2022.05.15"]
[Round "5.7"]
[White "Goedel, Robert"]
[Black "Alexandrov, Dimitri"]
[Result "1-0"]
[WhiteElo "2012"]
[BlackElo "1745"]
[PlyCount "39"]
[EventDate "2021.10.24"]
[EventType "team-tourn"]
[EventRounds "9"]
[EventCountry "GER"]
[SourceTitle "EXT 2024"]
[Source "ChessBase"]
[SourceDate "2023.10.10"]
[SourceVersion "1"]
[SourceVersionDate "2023.10.10"]
[SourceQuality "1"]
[WhiteTeam "Starnberg"]
[BlackTeam "Ergolding"]
[WhiteTeamCountry "GER"]
[BlackTeamCountry "GER"]

1. d4 Nf6 2. c4 c5 3. d5 b5 4. cxb5 a6 5. b6 Qxb6 6. Nc3 g6 7. e4 d6 8. a4 Bg7 9. a5 Qc7 10. f4 0-0 11. Bc4 Nbd7 12. Nf3 Rb8 13. Qd3 Qa7 14. 0-0 Ne8 15. Ra2 Nc7 16. Kh1 Bb7 17. Re1 Nf6 18. e5 Ng4 19. b3 Nf2+ 20. Rxf2 1-0

[Event "Regionalliga Sued-Ost 1819"]
[Site "Bayern"]
[Date "2019.04.07"]
[Round "9.6"]
[White "Peter, Christian"]
[Black "Goedel, Robert"]
[Result "1-0"]
[WhiteElo "1991"]
[BlackElo "1999"]
[PlyCount "57"]
[EventDate "2018.10.21"]
[EventType "team-tourn"]
[EventRounds "9"]
[EventCountry "GER"]
[SourceTitle "EXT 2022"]
[Source "ChessBase"]
[SourceDate "2021.10.06"]
[SourceVersion "1"]
[SourceVersionDate "2021.10.06"]
[SourceQuality "1"]
[WhiteTeam "Ebersberg Grafing"]
[BlackTeam "Starnberg SC"]
[WhiteTeamCountry "GER"]
[BlackTeamCountry "GER"]

1. d4 Nf6 2. Nf3 c5 3. c3 b6 4. Bf4 e6 5. Nbd2 Be7 6. e4 d5 7. Bb5+ Bd7 8. Bd3 dxe4 9. Nxe4 Nxe4 10. Bxe4 Bc6 11. Qc2 Bxe4 12. Qxe4 Nd7 13. dxc5 Nxc5 14. Qc6+ Kf8 15. Rd1 Qe8 16. Qxe8+ Kxe8 17. Nd4 Rd8 18. Ke2 f6 19. Nc6 Rxd1 20. Rxd1 e5 21. Be3 Na4 22. Bc1 a5 23. Kd3 Nc5+ 24. Kc4 Nd7 25. Be3 Rf8 26. Kb5 Nc5 27. Nxe7 Kxe7 28. Bxc5+ bxc5 29. Rd2 1-0

[Event "Regionalliga Sued-Ost 1819"]
[Site "Bayern"]
[Date "2018.12.16"]
[Round "4.7"]
[White "Foessmeier, Ulrich Johann"]
[Black "Goedel, Robert"]
[Result "1-0"]
[WhiteElo "2273"]
[BlackElo "1999"]
[PlyCount "67"]
[EventDate "2018.10.21"]
[EventType "team-tourn"]
[EventRounds "9"]
[EventCountry "GER"]
[SourceTitle "EXT 2022"]
[Source "ChessBase"]
[SourceDate "2021.10.06"]
[SourceVersion "1"]
[SourceVersionDate "2021.10.06"]
[SourceQuality "1"]
[WhiteTeam "Groebenzell II"]
[BlackTeam "Starnberg SC"]
[WhiteTeamCountry "GER"]
[BlackTeamCountry "GER"]

1. d4 e6 2. c3 f5 3. g3 Nf6 4. Bg2 Be7 5. Nh3 0-0 6. Qb3 c6 7. Nd2 d5 8. Nf4 Qb6 9. Nf3 Ne4 10. Ne5 Bf6 11. Nfd3 Nd7 12. Nxd7 Bxd7 13. f3 Qxb3 14. axb3 Nd6 15. Bf4 Nf7 16. e4 b6 17. b4 g5 18. Be3 a6 19. Kd2 Kg7 20. Rhe1 h6 21. Bf2 Nh8 22. exf5 exf5 23. Ne5 Bxe5 24. dxe5 b5 25. e6 Bc8 26. Bd4+ Kg8 27. Bxh8 Kxh8 28. Kd3 Re8 29. Kd4 Bxe6 30. Kc5 d4 31. f4 d3 32. Bxc6 d2 33. Red1 Rec8 34. Rxd2 1-0

[Event "Oberbayern Bezirksliga 1718"]
[Site "Germany"]
[Date "2018.02.25"]
[Round "7.1"]
[White "Goedel, Robert"]
[Black "Mooser, Stefan"]
[Result "0-1"]
[WhiteElo "2024"]
[BlackElo "2242"]
[PlyCount "84"]
[EventDate "2017.10.22"]
[EventType "team-tourn"]
[EventRounds "9"]
[EventCountry "GER"]
[SourceTitle "EXT 2019"]
[Source "ChessBase"]
[SourceDate "2018.10.10"]
[SourceVersion "1"]
[SourceVersionDate "2018.10.10"]
[SourceQuality "1"]
[WhiteTeam "Starnberg II"]
[BlackTeam "Dorfen"]
[WhiteTeamCountry "GER"]
[BlackTeamCountry "GER"]

1. d4 d5 2. c4 e6 3. Nc3 c6 4. e4 dxe4 5. Nxe4 Bb4+ 6. Nc3 c5 7. Nf3 Nf6 8. Be3 Nc6 9. dxc5 Qxd1+ 10. Rxd1 Ng4 11. Bd2 Bxc5 12. Ne4 Be7 13. Bc3 f6 14. c5 e5 15. Bc4 Bf5 16. Nd6+ Bxd6 17. Rxd6 Rd8 18. Rxd8+ Kxd8 19. h3 Nh6 20. b4 Kc7 21. b5 Nb8 22. 0-0 Nd7 23. Bb4 Re8 24. Re1 Bg6 25. Nh4 Bf7 26. Bxf7 Nxf7 27. Nf5 g6 28. Ne3 Re6 29. Nd5+ Kc8 30. a4 f5 31. a5 Nf6 32. Nxf6 Rxf6 33. Bc3 Re6 34. f4 e4 35. Kf2 a6 36. b6 Re7 37. Ke3 Rd7 38. Bd4 Nd8 39. Ra1 Nc6 40. Ra4 Nxd4 41. Rxd4 Rxd4 42. Kxd4 Kd7 0-1

[Event "Oberbayern Bezirksliga 1718"]
[Site "Germany"]
[Date "2018.01.21"]
[Round "5.1"]
[White "Goedel, Robert"]
[Black "Velickovic, Zoran"]
[Result "0-1"]
[WhiteElo "2024"]
[BlackElo "2314"]
[PlyCount "46"]
[EventDate "2017.10.22"]
[EventType "team-tourn"]
[EventRounds "9"]
[EventCountry "GER"]
[SourceTitle "EXT 2019"]
[Source "ChessBase"]
[SourceDate "2018.10.10"]
[SourceVersion "1"]
[SourceVersionDate "2018.10.10"]
[SourceQuality "1"]
[WhiteTeam "Starnberg II"]
[BlackTeam "Freilassing"]
[WhiteTeamCountry "GER"]
[BlackTeamCountry "GER"]

1. Nf3 c5 2. b3 b6 3. g3 Bb7 4. Bg2 Nf6 5. Bb2 g6 6. 0-0 Bg7 7. c4 0-0 8. d3 e6 9. Nbd2 Nc6 10. e4 d5 11. Qe2 Qc7 12. Rfd1 Rae8 13. Rac1 d4 14. Nh4 e5 15. Rf1 Bh6 16. Bh3 Bc8 17. Bxc8 Qxc8 18. Rcd1 Nh5 19. Nf5 Bxd2 20. Rxd2 Qe6 21. f4 Kh8 22. Nh6 exf4 23. gxf4 f5 0-1

[Event "Oberbayern Bezirksliga 1718"]
[Site "Germany"]
[Date "2017.11.26"]
[Round "3.1"]
[White "Goedel, Robert"]
[Black "Poetsch, Klaus"]
[Result "1/2-1/2"]
[WhiteElo "2024"]
[BlackElo "2119"]
[PlyCount "20"]
[EventDate "2017.10.22"]
[EventType "team-tourn"]
[EventRounds "9"]
[EventCountry "GER"]
[SourceTitle "EXT 2019"]
[Source "ChessBase"]
[SourceDate "2018.10.10"]
[SourceVersion "1"]
[SourceVersionDate "2018.10.10"]
[SourceQuality "1"]
[WhiteTeam "Starnberg II"]
[BlackTeam "Waldkraiburg"]
[WhiteTeamCountry "GER"]
[BlackTeamCountry "GER"]

1. Nf3 c5 2. b3 d6 3. Bb2 Nd7 4. g3 b6 5. Bg2 Bb7 6. 0-0 Ngf6 7. d3 e6 8. e4 Be7 9. Nbd2 0-0 10. Qe2 Qc7 1/2-1/2

[Event "Regionalliga SO 1617"]
[Site "Bayern"]
[Date "2016.10.16"]
[Round "1.5"]
[White "Hartl, Aldo"]
[Black "Goedel, Robert"]
[Result "1-0"]
[WhiteElo "2092"]
[BlackElo "2069"]
[PlyCount "78"]
[EventDate "2016.10.16"]
[EventType "team-tourn"]
[EventRounds "9"]
[EventCountry "GER"]
[SourceTitle "EXT 2019"]
[Source "ChessBase"]
[SourceDate "2018.10.10"]
[SourceVersion "1"]
[SourceVersionDate "2018.10.10"]
[SourceQuality "1"]
[WhiteTeam "Trostberg"]
[BlackTeam "Starnberger See"]
[WhiteTeamCountry "GER"]
[BlackTeamCountry "GER"]

1. e4 d6 2. d4 g6 3. Nc3 a6 4. g3 b5 5. Bg2 Bb7 6. Be3 Bg7 7. Qd2 Nd7 8. Nh3 e6 9. 0-0 Ne7 10. Rad1 Nb6 11. b3 0-0 12. Bh6 c5 13. Bxg7 Kxg7 14. dxc5 dxc5 15. Qd6 Qxd6 16. Rxd6 Nec8 17. Rd2 Na7 18. Rfd1 e5 19. f4 Nc6 20. Rd6 Rad8 21. fxe5 Rde8 22. Nf4 b4 23. Nce2 Nc8 24. Rd7 Re7 25. e6 Ne5 26. Rxe7 Nxe7 27. exf7 Kxf7 28. Rd6 c4 29. Ne6 Nc8 30. Ng5+ Kg8 31. Re6 cxb3 32. axb3 Ng4 33. Nf3 Rd8 34. Ned4 Nd6 35. Ne5 Ne3 36. Ndc6 Bxc6 37. Nxc6 Rd7 38. Nxb4 Nb5 39. Nd5 Rf7 1-0

[Event "Regionalliga SO 1415"]
[Site "Bayern"]
[Date "2015.04.12"]
[Round "9.6"]
[White "Goedel, Robert"]
[Black "Siebert, Joachim"]
[Result "1-0"]
[WhiteElo "2069"]
[BlackElo "1920"]
[PlyCount "53"]
[EventDate "2014.10.19"]
[EventType "team-tourn"]
[EventRounds "9"]
[EventCountry "GER"]
[SourceTitle "EXT 2018"]
[Source "ChessBase"]
[SourceDate "2017.10.13"]
[SourceVersion "1"]
[SourceVersionDate "2017.10.13"]
[SourceQuality "1"]
[WhiteTeam "Starnberger See"]
[BlackTeam "Landshut"]
[WhiteTeamCountry "GER"]
[BlackTeamCountry "GER"]

1. d4 Nf6 2. c4 e6 3. Nc3 Bb4 4. e3 b6 5. a3 Bxc3+ 6. bxc3 Bb7 7. f3 0-0 8. Bd3 d6 9. Ne2 Nc6 10. e4 e5 11. Bg5 Na5 12. 0-0 c5 13. f4 h6 14. fxe5 hxg5 15. exf6 Re8 16. Ng3 g6 17. Qg4 Re6 18. Qxg5 cxd4 19. cxd4 Nb3 20. e5 dxe5 21. Bxg6 Qxd4+ 22. Kh1 fxg6 23. Qxg6+ Kf8 24. Qg7+ Ke8 25. f7+ Kd7 26. f8Q+ Kc6 27. Qff7 1-0

[Event "Regionalliga SO 1415"]
[Site "Bayern"]
[Date "2014.12.07"]
[Round "4.6"]
[White "Knoblauch, Leonhard"]
[Black "Goedel, Robert"]
[Result "1-0"]
[WhiteElo "2170"]
[BlackElo "2069"]
[PlyCount "59"]
[EventDate "2014.10.19"]
[EventType "team-tourn"]
[EventRounds "9"]
[EventCountry "GER"]
[SourceTitle "EXT 2018"]
[Source "ChessBase"]
[SourceDate "2017.10.13"]
[SourceVersion "1"]
[SourceVersionDate "2017.10.13"]
[SourceQuality "1"]
[WhiteTeam "Ilmmuenster"]
[BlackTeam "Starnberger See"]
[WhiteTeamCountry "GER"]
[BlackTeamCountry "GER"]

1. e4 e6 2. d4 d5 3. Nc3 Nf6 4. e5 Nfd7 5. f4 c5 6. Nf3 Nc6 7. Be3 Qb6 8. Qd2 cxd4 9. Nxd4 Nxd4 10. Bxd4 Bc5 11. 0-0-0 Bxd4 12. Qxd4 Qxd4 13. Rxd4 Nb6 14. Nb5 Ke7 15. Nd6 f6 16. Bd3 Nd7 17. Re1 fxe5 18. fxe5 g6 19. Rf4 Rf8 20. Rh4 Rh8 21. Bb5 b6 22. Rf4 Nxe5 23. Nxc8+ Raxc8 24. Rxe5 Rc5 25. Ba4 b5 26. Bb3 a5 27. a4 Rb8 28. Re2 g5 29. Rf5 Kd6 30. Rfe5 1-0

[Event "Regionalliga SO 1314"]
[Site "Bayern"]
[Date "2013.12.15"]
[Round "4.6"]
[White "Schubert, Josef"]
[Black "Goedel, Robert"]
[Result "1/2-1/2"]
[WhiteElo "1962"]
[BlackElo "2032"]
[PlyCount "64"]
[EventDate "2013.10.13"]
[EventType "team-tourn"]
[EventRounds "9"]
[EventCountry "GER"]
[SourceTitle "EXT 2015"]
[Source "ChessBase"]
[SourceDate "2014.11.20"]
[SourceVersion "1"]
[SourceVersionDate "2014.11.20"]
[SourceQuality "1"]
[WhiteTeam "Landshut"]
[BlackTeam "Starnberger See"]
[WhiteTeamCountry "GER"]
[BlackTeamCountry "GER"]

1. d4 e6 2. c4 b6 3. Nf3 Bb7 4. Bg5 f6 5. Bd2 f5 6. Nc3 Nf6 7. e3 Bb4 8. Qb3 a5 9. Be2 0-0 10. 0-0 Ne4 11. Rad1 Bxc3 12. bxc3 Ba6 13. Rfe1 Qe7 14. Bc1 d6 15. Ba3 Nd7 16. Bd3 Bb7 17. Qc2 Rf6 18. Nd2 Nxd2 19. Rxd2 Raf8 20. e4 f4 21. f3 e5 22. Rdd1 Rh6 23. Qf2 Kh8 24. Rd2 g5 25. h3 Rg6 26. Rb1 Bc8 27. c5 dxc5 28. dxc5 Nxc5 29. Bxc5 Qxc5 30. Qxc5 bxc5 31. Bc4 Be6 32. Bxe6 Rxe6 1/2-1/2

[Event "Regionalliga SO 1213"]
[Site "Bayern"]
[Date "2013.03.17"]
[Round "8.5"]
[White "Goedel, Robert"]
[Black "Gil, Arthur"]
[Result "1/2-1/2"]
[WhiteElo "2018"]
[BlackElo "1941"]
[PlyCount "73"]
[EventDate "2012.10.14"]
[EventType "team-tourn"]
[EventRounds "9"]
[EventCountry "GER"]
[SourceTitle "EXT 2015"]
[Source "ChessBase"]
[SourceDate "2014.11.20"]
[SourceVersion "1"]
[SourceVersionDate "2014.11.20"]
[SourceQuality "1"]
[WhiteTeam "Starnberger See"]
[BlackTeam "Ebersberg Grafing"]
[WhiteTeamCountry "GER"]
[BlackTeamCountry "GER"]

1. d4 Nf6 2. c4 c5 3. d5 b5 4. cxb5 a6 5. b6 d6 6. Nc3 Qxb6 7. e4 g6 8. a4 Bg7 9. a5 Qa7 10. f4 0-0 11. Bc4 Nbd7 12. Nf3 Rb8 13. 0-0 Ne8 14. Kh1 Nc7 15. Qd3 Nb5 16. e5 dxe5 17. f5 Nd6 18. fxg6 hxg6 19. Bg5 Nf6 20. Nxe5 Rxb2 21. Nc6 Qc7 22. Rae1 Re8 23. Na4 Bf5 24. Rxf5 Nxf5 25. Bxf6 Bxf6 26. Nxb2 Bxb2 27. Bxa6 Kg7 28. Qb3 Bf6 29. Bc4 Rh8 30. h3 Qf4 31. a6 Qf2 32. Rg1 Ne3 33. a7 Qg3 34. Qb8 Rxh3+ 35. gxh3 Qf3+ 36. Kh2 Qf2+ 37. Kh1 1/2-1/2

[Event "Regionalliga SO 1213"]
[Site "Bayern"]
[Date "2012.11.25"]
[Round "3.6"]
[White "Krauss, Andreas"]
[Black "Goedel, Robert"]
[Result "1/2-1/2"]
[WhiteElo "1917"]
[BlackElo "2018"]
[PlyCount "48"]
[EventDate "2012.10.14"]
[EventType "team-tourn"]
[EventRounds "9"]
[EventCountry "GER"]
[SourceTitle "EXT 2015"]
[Source "ChessBase"]
[SourceDate "2014.11.20"]
[SourceVersion "1"]
[SourceVersionDate "2014.11.20"]
[SourceQuality "1"]
[WhiteTeam "Deggendorf"]
[BlackTeam "Starnberger See"]
[WhiteTeamCountry "GER"]
[BlackTeamCountry "GER"]

1. Nf3 d6 2. d4 Nf6 3. c4 g6 4. Nc3 Bg7 5. e4 0-0 6. h3 e5 7. d5 h6 8. Be3 Nbd7 9. Be2 Nc5 10. Nd2 a5 11. g4 Ne8 12. h4 f5 13. h5 f4 14. Bxc5 dxc5 15. hxg6 Ra6 16. Nb3 Qe7 17. Na4 b6 18. Nc3 Nd6 19. a4 Rf6 20. f3 Rxg6 21. Kd2 Ra8 22. Qf1 Bd7 23. Bd3 Bf6 24. Nc1 Qg7 1/2-1/2

[Event "Regionalliga SO 1213"]
[Site "Bayern"]
[Date "2012.11.11"]
[Round "2.6"]
[White "Goedel, Robert"]
[Black "Huber, Hans"]
[Result "1-0"]
[WhiteElo "2018"]
[BlackElo "1897"]
[PlyCount "78"]
[EventDate "2012.10.14"]
[EventType "team-tourn"]
[EventRounds "9"]
[EventCountry "GER"]
[SourceTitle "EXT 2015"]
[Source "ChessBase"]
[SourceDate "2014.11.20"]
[SourceVersion "1"]
[SourceVersionDate "2014.11.20"]
[SourceQuality "1"]
[WhiteTeam "Starnberger See"]
[BlackTeam "Trostberg"]
[WhiteTeamCountry "GER"]
[BlackTeamCountry "GER"]

1. d4 Nf6 2. c4 g6 3. Nc3 Bg7 4. e4 d6 5. f3 c6 6. Be3 Nbd7 7. Qd2 e5 8. d5 c5 9. Bd3 a6 10. Nge2 h5 11. a3 b6 12. b4 0-0 13. 0-0 Nh7 14. Qc2 Ndf6 15. Rab1 Bd7 16. bxc5 bxc5 17. Na4 Rb8 18. Rxb8 Qxb8 19. Rb1 Qc7 20. Qb3 Qa5 21. Bc2 Bc8 22. Qb6 Qxb6 23. Rxb6 Rd8 24. Bd2 Bf8 25. Ba5 Re8 26. Rb8 Nd7 27. Ra8 Nhf6 28. Nac3 Be7 29. Ba4 Kf8 30. Bc6 Bd8 31. Bxd8 Rxd8 32. Na4 Ke7 33. Ra7 Kf8 34. Ra8 Ke7 35. Nc1 Ne8 36. Nb3 f5 37. Ra7 Nef6 38. exf5 gxf5 39. Nb6 Rg8 1-0